00462nam a2200157Ia 4500008004100000020001500041082001500056100001700071245005000088250000700138260004000145300002900185500001900214600002100233650005000254240925s9999 xx 000 0 und d a8176568279 a004.67 LAM aLammle, Todd 0aCCSP Securing CISCO IOS Networks: study guide aNA aNew Delhi:bBPB Publicationc,2003. axxx,908p.bNAfPhotocopy aIncludes Index aComputer Science aComputer science, information & general works